000 00301nam a22001337a 4500
008 180919b xxu||||| |||| 00| 0 eng d
020 _a9780534550844
041 _aeng
080 _a159.9
100 _a48
101 _aPSI
245 _aCounseling Gay Men and Lesbians
_cBarret,B
942 _2udc
_cBK
999 _c48052
_d48052